[Event "IX Floripa Chess Open Fort Atacadista"]
[Site "Florianópolis - Santa Catari"]
[Date "2023.01.24"]
[Round "2.46"]
[White "Moyses Sobrinho, Elias"]
[Black "Fernandez, Maria Florencia"]
[Result "1-0"]
[WhiteElo "1852"]
[BlackElo "2181"]
[PlyCount "91"]
[EventDate "2023.01.23"]
[EventRounds "10"]
[EventCountry "BRA"]

1. d4 Nf6 2. c4 g6 3. Nc3 Bg7 4. e4 d6 5. Nf3 O-O 6. Be2 Nbd7 7. O-O e5 8. dxe5
dxe5 9. Bg5 h6 10. Bxf6 Bxf6 11. Qd2 Bg7 12. Rfd1 c6 13. Na4 Qe7 14. Qd6 Re8
15. Qxe7 Rxe7 16. Rd2 Nf8 17. c5 Ne6 18. b4 Nd4 19. Bc4 Kh7 20. Nxd4 exd4 21.
f3 f5 22. Re1 Bd7 23. Rde2 fxe4 24. Rxe4 Rxe4 25. Rxe4 Bf5 26. Re7 Rd8 27. Nb2
d3 28. g4 Kh8 29. gxf5 Bxb2 30. fxg6 Bg7 31. Bxd3 Rxd3 32. Re8+ Bf8 33. Rxf8+
Kg7 34. Rf7+ Kxg6 35. Rxb7 Ra3 36. Rc7 Rxa2 37. Rxc6+ Kf5 38. Rd6 Kf4 39. Rxh6
Kxf3 40. Rh3+ Ke4 41. Rc3 Rd2 42. c6 Rd8 43. c7 Rc8 44. Kf2 Kd5 45. h4 Kd6 46.
h5 1-0

[Event "IX Floripa Chess Open Fort Atacadista"]
[Site "Florianópolis - Santa Catari"]
[Date "2023.01.24"]
[Round "2.47"]
[White "Zacarias, M Ruben D"]
[Black "Felix, Raimundo Nascimento"]
[Result "1-0"]
[WhiteElo "2176"]
[BlackElo "1848"]
[PlyCount "89"]
[EventDate "2023.01.23"]
[EventRounds "10"]
[EventCountry "BRA"]

1. e4 c5 2. Nf3 Nc6 3. Bb5 Nd4 4. Nxd4 cxd4 5. c3 Qb6 6. Be2 Nf6 7. d3 e5 8.
O-O Bd6 9. cxd4 Qxd4 10. Nc3 a6 11. Be3 Qb4 12. Na4 b5 13. Nb6 Rb8 14. Qc2 O-O
15. a3 Qa5 16. b4 Qxb6 17. Bxb6 Rxb6 18. Qb2 Bb7 19. f3 Bc6 20. Kh1 Rbb8 21.
Bd1 Rfe8 22. Bb3 Bc7 23. Qa2 Re7 24. Rad1 Bb6 25. f4 Ng4 26. fxe5 Rf8 27. Rd2
Bd4 28. Bd5 Nxe5 29. h3 g6 30. Rdd1 Kg7 31. Rc1 f6 32. Rfd1 Rc8 33. Rc5 Bxc5
34. bxc5 g5 35. d4 Bxd5 36. Qxd5 Nc4 37. Re1 Rc6 38. a4 h6 39. Kh2 Rce6 40.
axb5 axb5 41. Qb7 Nd2 42. d5 d6 43. Qxb5 Rxe4 44. Rxe4 Rxe4 45. cxd6 1-0

[Event "IX Floripa Chess Open Fort Atacadista"]
[Site "Florianópolis - Santa Catari"]
[Date "2023.01.24"]
[Round "2.49"]
[White "Caetano, Hugo Zanotti Mendon"]
[Black "Rodrigues, Nei Jorge"]
[Result "1/2-1/2"]
[WhiteElo "2166"]
[BlackElo "1845"]
[PlyCount "83"]
[EventDate "2023.01.23"]
[EventRounds "10"]
[EventCountry "BRA"]

1. d4 Nf6 2. c4 e6 3. Nf3 b6 4. a3 Bb7 5. Nc3 d5 6. cxd5 exd5 7. Bg5 Be7 8. e3
O-O 9. Bd3 Nbd7 10. O-O c5 11. Re1 Ne4 12. Bxe7 Qxe7 13. Qc2 Ndf6 14. dxc5 Nxc5
15. Nd4 g6 16. Qe2 Rac8 17. Rac1 Nfe4 18. Bb1 Rfd8 19. f3 Nxc3 20. Rxc3 Ne6 21.
Rxc8 Rxc8 22. Qd2 Qc5 23. Kf2 Ba6 24. Rd1 Qd6 25. h3 Qe5 26. a4 Bb7 27. a5 Qf6
28. axb6 axb6 29. Kg1 Nxd4 30. Qxd4 Qxd4 31. exd4 Kf8 32. Kf2 Ke7 33. h4 h5 34.
Rd2 Rc1 35. Ba2 Kd6 36. Bb3 Rh1 37. Kg3 Rb1 38. Kf4 Bc8 39. Rc2 Be6 40. Ba4 Ra1
41. Bb3 Rb1 42. Kg5 1/2-1/2

[Event "IX Floripa Chess Open Fort Atacadista"]
[Site "Florianópolis - Santa Catari"]
[Date "2023.01.24"]
[Round "2.50"]
[White "Ribeiro, Regina"]
[Black "Zampronha, Wladimir Camilo"]
[Result "1/2-1/2"]
[WhiteElo "1842"]
[BlackElo "2164"]
[PlyCount "93"]
[EventDate "2023.01.23"]
[EventRounds "10"]
[EventCountry "BRA"]

1. Nf3 d5 2. b3 Nf6 3. Bb2 Bf5 4. e3 e6 5. Be2 h6 6. O-O Bd6 7. Ne5 O-O 8. d3
c5 9. f4 Nc6 10. Nxc6 bxc6 11. Nd2 Bh7 12. Qe1 Nd7 13. Qg3 f6 14. e4 Qe7 15. e5
Bc7 16. Bh5 Rab8 17. Nf3 c4 18. Bg6 Bxg6 19. Qxg6 fxe5 20. Bxe5 Nxe5 21. Nxe5
Rxf4 22. Rxf4 Bxe5 23. Raf1 Bxf4 24. Rxf4 cxd3 25. Qxd3 e5 26. Rf1 Qc5+ 27. Kh1
e4 28. Qe2 Rf8 29. Rxf8+ Kxf8 30. h4 Qd4 31. Qa6 e3 32. Qc8+ Kf7 33. Qd7+ Kg6
34. Qe6+ Kh5 35. g3 Qd1+ 36. Kg2 Qe2+ 37. Kh3 Qf1+ 38. Kh2 Qf2+ 39. Kh3 Qf1+
40. Kh2 d4 41. Qe8+ g6 42. Qe5+ Qf5 43. Qxd4 Qf2+ 44. Kh3 Qf1+ 45. Kh2 Qf2+ 46.
Kh3 Qf1+ 47. Kh2 1/2-1/2

[Event "IX Floripa Chess Open Fort Atacadista"]
[Site "Florianópolis - Santa Catari"]
[Date "2023.01.24"]
[Round "2.51"]
[White "Pereira, Silvio Cunha"]
[Black "Da Rosa, Henrique Jaze Simoe"]
[Result "1/2-1/2"]
[WhiteElo "2159"]
[BlackElo "1838"]
[PlyCount "100"]
[EventDate "2023.01.23"]
[EventRounds "10"]
[EventCountry "BRA"]

1. e4 e5 2. Nf3 Nc6 3. Bb5 a6 4. Ba4 Nf6 5. Qe2 b5 6. Bb3 Be7 7. a4 b4 8. O-O
O-O 9. a5 d6 10. c3 Rb8 11. Bc4 Qd7 12. h3 Bb7 13. d4 bxc3 14. bxc3 exd4 15.
cxd4 d5 16. exd5 Nxd5 17. Bxa6 Bxa6 18. Qxa6 Ra8 19. Qd3 Ndb4 20. Qe4 f5 21.
Qe2 Bf6 22. Bd2 Rfb8 23. Bc3 Qd5 24. Nbd2 Rxa5 25. Rxa5 Qxa5 26. Rb1 Kf8 27.
Qc4 Be7 28. Ne5 Nxe5 29. dxe5 Qc5 30. Rxb4 Rxb4 31. Bxb4 Qxb4 32. Qd3 Qf4 33.
Nf3 c5 34. g3 Qc1+ 35. Kg2 g6 36. Qd7 Qc4 37. Qc8+ Kg7 38. Qa8 Qf7 39. Qc6 Qc4
40. Qd7 Kf8 41. Qb7 Qe6 42. h4 f4 43. Qe4 fxg3 44. fxg3 Qa2+ 45. Kf1 Qa1+ 46.
Ke2 Qb2+ 47. Ke3 Qc3+ 48. Qd3 Qxd3+ 49. Kxd3 Kf7 50. Nd2 Ke6 1/2-1/2

[Event "IX Floripa Chess Open Fort Atacadista"]
[Site "Florianópolis - Santa Catari"]
[Date "2023.01.24"]
[Round "2.52"]
[White "Da Silva, Lucas Pereira Mende"]
[Black "Caldeira, Adriano"]
[Result "1/2-1/2"]
[WhiteElo "1838"]
[BlackElo "2156"]
[PlyCount "44"]
[EventDate "2023.01.23"]
[EventRounds "10"]
[EventCountry "BRA"]

1. e4 c5 2. Nf3 e6 3. d4 cxd4 4. Nxd4 Nf6 5. Nc3 d6 6. f4 a6 7. Be3 b5 8. a3
Bb7 9. Bd3 Nbd7 10. O-O Qc7 11. Qf3 Nb6 12. Kh1 Nc4 13. Bc1 Qb6 14. Nb3 d5 15.
exd5 Be7 16. Qe2 Nxd5 17. Nxd5 Bxd5 18. f5 O-O 19. f6 Bxf6 20. Rxf6 gxf6 21.
Bxh7+ Kxh7 22. Qh5+ Kg8 1/2-1/2

[Event "IX Floripa Chess Open Fort Atacadista"]
[Site "Florianópolis - Santa Catari"]
[Date "2023.01.24"]
[Round "2.53"]
[White "Carvalho, Guillermo"]
[Black "Borsato, Ana Carolina Teodor"]
[Result "1-0"]
[WhiteElo "2154"]
[BlackElo "1832"]
[PlyCount "69"]
[EventDate "2023.01.23"]
[EventRounds "10"]
[EventCountry "BRA"]

1. c4 e5 2. Nc3 Bb4 3. g3 Bxc3 4. dxc3 Nf6 5. e4 d6 6. f3 Be6 7. Nh3 h6 8. Nf2
Qe7 9. Be3 Bd7 10. Qd2 Nc6 11. Be2 Nd8 12. h4 Nh5 13. Rg1 Ne6 14. O-O-O a6 15.
f4 exf4 16. gxf4 Nf6 17. c5 Nxc5 18. Bxc5 dxc5 19. e5 Nh7 20. Rxg7 O-O-O 21.
Qc2 Qxh4 22. Rxd7 Rxd7 23. Bg4 Nf8 24. Rxf7 Qxg4 25. Rxf8+ Rxf8 26. Nxg4 Rxf4
27. Qe2 Rdf7 28. e6 Re7 29. Qe5 Rf8 30. Nf6 Rd8 31. Nd5 Rh7 32. e7 Rxd5 33.
e8=Q+ Rd8 34. Qf5+ Rhd7 35. Qfxd7+ 1-0

[Event "IX Floripa Chess Open Fort Atacadista"]
[Site "Florianópolis - Santa Catari"]
[Date "2023.01.24"]
[Round "2.54"]
[White "Borger, David Lupovici"]
[Black "Delgado, Lidio Dias"]
[Result "1-0"]
[WhiteElo "1832"]
[BlackElo "2150"]
[PlyCount "91"]
[EventDate "2023.01.23"]
[EventRounds "10"]
[EventCountry "BRA"]

1. e4 e6 2. d4 d5 3. e5 c5 4. c3 Nc6 5. Nf3 Qb6 6. Bd3 Bd7 7. dxc5 Bxc5 8. O-O
a5 9. Nbd2 a4 10. b4 axb3 11. Nxb3 Ba3 12. Re1 Bxc1 13. Qxc1 Nge7 14. Qg5 Kf8
15. h4 Ra4 16. h5 h6 17. Qd2 Na5 18. Nbd4 Nc4 19. Qf4 Ke8 20. Rab1 Qa6 21. Nd2
b6 22. Bxc4 Rxc4 23. Nxc4 dxc4 24. Ne2 Ba4 25. Qd4 b5 26. Ng3 Nd5 27. Ne4 Qc6
28. Qa7 Qc7 29. Qa8+ Qd8 30. Qxd8+ Kxd8 31. Nd6 Kd7 32. Nxb5 Bc2 33. Rb2 Bd3
34. a4 Rb8 35. Ra2 g6 36. hxg6 Bxg6 37. Ra3 Bd3 38. Nd4 h5 39. a5 Nc7 40. a6
Ra8 41. Rea1 f6 42. Ra5 f5 43. f3 Nd5 44. R1a3 f4 45. a7 h4 46. Ra6 1-0

[Event "IX Floripa Chess Open Fort Atacadista"]
[Site "Florianópolis - Santa Catari"]
[Date "2023.01.24"]
[Round "2.55"]
[White "Piccoli, Lucas Fonseca"]
[Black "Nunes, Agatha Hurba"]
[Result "1-0"]
[WhiteElo "2148"]
[BlackElo "1823"]
[PlyCount "75"]
[EventDate "2023.01.23"]
[EventRounds "10"]
[EventCountry "BRA"]

1. e4 c5 2. Nf3 e6 3. d4 cxd4 4. Nxd4 a6 5. Bd3 Nf6 6. O-O Qc7 7. Qe2 d6 8. f4
Nbd7 9. c4 Be7 10. Nc3 O-O 11. Kh1 b6 12. Bd2 Bb7 13. f5 exf5 14. Nxf5 Ne5 15.
Bg5 Kh8 16. Rae1 Ng8 17. Be3 Rac8 18. Bd4 Bf6 19. Ne3 Ne7 20. Bxe5 Bxe5 21.
Ncd5 Bxd5 22. exd5 Ng8 23. Ng4 Rce8 24. Qf2 g6 25. Nxe5 dxe5 26. b4 f5 27. c5
b5 28. Qb2 Qg7 29. a4 e4 30. Qxg7+ Kxg7 31. Be2 Rb8 32. axb5 axb5 33. d6 Nf6
34. Rd1 Kf7 35. Rd4 Ke6 36. Rfd1 Nd7 37. c6 Ne5 38. d7 1-0

[Event "IX Floripa Chess Open Fort Atacadista"]
[Site "Florianópolis - Santa Catari"]
[Date "2023.01.24"]
[Round "2.56"]
[White "Resende, Lucas B. Massucato"]
[Black "Heinechen, Juan"]
[Result "0-1"]
[WhiteElo "1824"]
[BlackElo "2146"]
[PlyCount "74"]
[EventDate "2023.01.23"]
[EventRounds "10"]
[EventCountry "BRA"]

1. d4 Nf6 2. c4 e6 3. Nc3 Bb4 4. Qc2 O-O 5. e4 d6 6. Bd3 Nc6 7. Nge2 e5 8. d5
Ne7 9. h4 Nh5 10. Bg5 h6 11. Bxe7 Qxe7 12. O-O-O Bc5 13. Rdf1 a6 14. Kb1 Bd7
15. g3 Rab8 16. Nc1 b5 17. cxb5 axb5 18. Be2 Nf6 19. f3 Nh5 20. g4 Ng3 21. Qd2
b4 22. Nd1 Nxf1 23. Bxf1 c6 24. g5 h5 25. dxc6 Bxc6 26. Bc4 g6 27. Ne3 Kg7 28.
Ne2 f6 29. Ng3 fxg5 30. hxg5 Rxf3 31. Nef5+ gxf5 32. Nxh5+ Kg6 33. Nf6 Bxe4+
34. Ka1 Be3 35. Qh2 Bxg5 36. Nh7 Bh4 37. Qg2+ Rg3 0-1

[Event "IX Floripa Chess Open Fort Atacadista"]
[Site "Florianópolis - Santa Catari"]
[Date "2023.01.24"]
[Round "2.57"]
[White "Boabaid, Jorge Alberto Duard"]
[Black "Vargas, Gabriela"]
[Result "0-1"]
[WhiteElo "1822"]
[BlackElo "2145"]
[PlyCount "60"]
[EventDate "2023.01.23"]
[EventRounds "10"]
[EventCountry "BRA"]

1. Nf3 d5 2. g3 Nf6 3. Bg2 Bg4 4. O-O Nbd7 5. d4 e6 6. c4 c6 7. Nc3 Bd6 8. Re1
dxc4 9. e4 e5 10. d5 Nc5 11. Bg5 Nd3 12. Re2 h6 13. Be3 Bb4 14. dxc6 bxc6 15.
Qa4 O-O 16. h3 Bxf3 17. Bxf3 Qa5 18. Qc2 Nxb2 19. Bd2 Nd3 20. a3 Bxc3 21. Bxc3
Qa6 22. Qa2 Nd7 23. Rc2 Rab8 24. Bd2 Rb3 25. Bd1 Rfb8 26. Bc3 N7c5 27. f3 Na4
28. Bb4 Qb6+ 29. Kf1 Nxb4 30. axb4 Nc3 0-1

[Event "IX Floripa Chess Open Fort Atacadista"]
[Site "Florianópolis - Santa Catari"]
[Date "2023.01.24"]
[Round "2.58"]
[White "Burgos, Marcelo Alves"]
[Black "Machado Da Silva, Lucas"]
[Result "1-0"]
[WhiteElo "2143"]
[BlackElo "1822"]
[PlyCount "81"]
[EventDate "2023.01.23"]
[EventRounds "10"]
[EventCountry "BRA"]

1. d4 Nf6 2. c4 e6 3. g3 Bb4+ 4. Nd2 c5 5. a3 Qa5 6. Rb1 Bxd2+ 7. Bxd2 Qb6 8.
Be3 Ng4 9. dxc5 Qc6 10. Nf3 Nxe3 11. fxe3 Qxc5 12. Qd4 Qf5 13. Rd1 O-O 14. Bg2
Qa5+ 15. Qd2 Nc6 16. O-O Qxd2 17. Rxd2 Rd8 18. Rfd1 Na5 19. Ne5 f6 20. Nxd7
Bxd7 21. Rxd7 Rxd7 22. Rxd7 Nxc4 23. Rxb7 Rd8 24. Rxa7 Nxe3 25. Ra8 Rxa8 26.
Bxa8 Kf8 27. Be4 f5 28. Bd3 e5 29. b3 e4 30. Bc4 Ke7 31. a4 Kd6 32. Bg8 h6 33.
Kf2 Nc2 34. e3 Nb4 35. Ke2 Nc6 36. Kd2 Kc5 37. Kc3 Nb4 38. Be6 Na2+ 39. Kd2 Kb4
40. Bxf5 Kxb3 41. Be6+ 1-0

[Event "IX Floripa Chess Open Fort Atacadista"]
[Site "Florianópolis - Santa Catari"]
[Date "2023.01.24"]
[Round "2.59"]
[White "Gatelli, Jacson Henrique"]
[Black "Saito, Vinicius"]
[Result "0-1"]
[WhiteElo "1820"]
[BlackElo "2138"]
[PlyCount "62"]
[EventDate "2023.01.23"]
[EventRounds "10"]
[EventCountry "BRA"]

1. d4 Nf6 2. c4 g6 3. Nc3 Bg7 4. Bg5 h6 5. Bh4 O-O 6. Nf3 c5 7. d5 d6 8. e4 g5
9. Bg3 Nh5 10. Be2 Nxg3 11. hxg3 e6 12. Qc2 exd5 13. exd5 f5 14. O-O Nd7 15.
Rae1 Nf6 16. Bd3 Ng4 17. Re2 a6 18. Rfe1 Bd7 19. b3 Ne5 20. Nxe5 Bxe5 21. Nd1
Qf6 22. Ne3 Rf7 23. Nf1 Raf8 24. Nd2 g4 25. a3 h5 26. Rf1 h4 27. Rxe5 dxe5 28.
b4 Rh7 29. bxc5 e4 30. Bxe4 hxg3 31. Bd3 Rh1+ 0-1

[Event "IX Floripa Chess Open Fort Atacadista"]
[Site "Florianópolis - Santa Catari"]
[Date "2023.01.24"]
[Round "2.60"]
[White "Curi, Gabriel"]
[Black "Rodrigues, Julliano De Araujo"]
[Result "1-0"]
[WhiteElo "2136"]
[BlackElo "1819"]
[PlyCount "53"]
[EventDate "2023.01.23"]
[EventRounds "10"]
[EventCountry "BRA"]

1. d4 d5 2. Nc3 Nf6 3. Bf4 c5 4. e3 Nc6 5. Nb5 e5 6. dxe5 a6 7. Nc3 d4 8. exf6
dxc3 9. Qxd8+ Nxd8 10. bxc3 gxf6 11. Bd3 Bg7 12. Bd6 Ne6 13. Ne2 Kd7 14. Bg3 h5
15. h4 Ke7 16. O-O b5 17. a4 Bd7 18. axb5 axb5 19. Rab1 c4 20. Be4 Ra2 21. Rfd1
Rc8 22. Bd6+ Ke8 23. Bb7 Rd8 24. Nd4 Nxd4 25. exd4 Rda8 26. Bxa8 Rxa8 27. Ra1
1-0

[Event "IX Floripa Chess Open Fort Atacadista"]
[Site "Florianópolis - Santa Catari"]
[Date "2023.01.24"]
[Round "2.61"]
[White "Volkmann, Andre Jordi"]
[Black "Silva, Ezequiel Demetras"]
[Result "1-0"]
[WhiteElo "2129"]
[BlackElo "1811"]
[PlyCount "99"]
[EventDate "2023.01.23"]
[EventRounds "10"]
[EventCountry "BRA"]

1. b4 e6 2. Bb2 Nf6 3. a3 b6 4. e3 Bb7 5. Nf3 d6 6. d4 Be7 7. Bd3 c5 8. c4 O-O
9. O-O Nbd7 10. Nc3 Re8 11. Qc2 d5 12. cxd5 exd5 13. dxc5 bxc5 14. bxc5 Nxc5
15. Bb5 Rf8 16. Rfd1 Bd6 17. Bf1 a6 18. g3 Qc8 19. Bg2 Nce4 20. Nd4 Be5 21.
Rac1 Rd8 22. Qb3 Nxc3 23. Bxc3 Qd7 24. Ne2 Bxc3 25. Nxc3 Rab8 26. Rd4 Qf5 27.
Rcd1 Ng4 28. Qa2 Nf6 29. Nxd5 Nxd5 30. Bxd5 Bxd5 31. Rxd5 Rxd5 32. Qxd5 Qxd5
33. Rxd5 Kf8 34. Rd6 Ra8 35. e4 Ke7 36. Rb6 Ra7 37. f4 Kd7 38. a4 a5 39. Rb5
Kc6 40. Kf2 Kd6 41. Ke3 g6 42. Kd4 h5 43. Rb6+ Kd7 44. Kd5 Ke7 45. Kc6 Rd7 46.
Rb7 Rxb7 47. Kxb7 Kd7 48. Kb6 Kd6 49. Kxa5 Kc5 50. e5 1-0

[Event "IX Floripa Chess Open Fort Atacadista"]
[Site "Florianópolis - Santa Catari"]
[Date "2023.01.24"]
[Round "2.62"]
[White "Dos Santos, Dwlyan Silva"]
[Black "Becker, Rogerio Sperb"]
[Result "0-1"]
[WhiteElo "1810"]
[BlackElo "2128"]
[PlyCount "87"]
[EventDate "2023.01.23"]
[EventRounds "10"]
[EventCountry "BRA"]

1. e4 c5 2. Nf3 Nc6 3. d4 cxd4 4. Nxd4 Nf6 5. Nc3 e5 6. Ndb5 d6 7. Bg5 a6 8.
Bxf6 gxf6 9. Na3 b5 10. Nd5 f5 11. exf5 Rb8 12. Qd3 Nd4 13. g4 h5 14. c3 Nc6
15. O-O-O hxg4 16. Bg2 Qg5+ 17. Ne3 Bd7 18. Nac2 a5 19. Rhg1 Qf4 20. Qe4 Ne7
21. Qxf4 exf4 22. Nxg4 Bxf5 23. Nf6+ Kd8 24. Nd4 Bc8 25. Rh1 Rh6 26. Ne4 Kc7
27. Bf1 Bd7 28. Ng5 Be8 29. Bd3 Bg7 30. Rde1 Bf6 31. Ne4 Bxd4 32. cxd4 Nc6 33.
Nc3 Nxd4 34. Re7+ Kd8 35. Rhe1 Re6 36. R1xe6 fxe6 37. Rh7 d5 38. Rh4 b4 39. Ne2
Nxe2+ 40. Bxe2 Ke7 41. Rxf4 Bd7 42. Rh4 Kd6 43. Kd2 e5 44. Rh7 0-1

[Event "IX Floripa Chess Open Fort Atacadista"]
[Site "Florianópolis - Santa Catari"]
[Date "2023.01.24"]
[Round "2.63"]
[White "Moura, Eduardo Eugenio Cha"]
[Black "Dos Santos, Gustavo Mota"]
[Result "1-0"]
[WhiteElo "2127"]
[BlackElo "1810"]
[PlyCount "71"]
[EventDate "2023.01.23"]
[EventRounds "10"]
[EventCountry "BRA"]

1. e4 d6 2. d4 Nf6 3. Bd3 g6 4. Nf3 Bg7 5. O-O O-O 6. c3 Bg4 7. Nbd2 Nbd7 8. h3
Bxf3 9. Nxf3 e5 10. dxe5 dxe5 11. Be3 Qe7 12. b4 a5 13. a3 axb4 14. axb4 c5 15.
Qb3 cxb4 16. cxb4 Rfc8 17. Rxa8 Rxa8 18. Ng5 Rf8 19. Rc1 h6 20. Nf3 Qd6 21. Nd2
Nh5 22. g3 Kh8 23. Be2 Nf4 24. gxf4 exf4 25. Nc4 Qf6 26. Bd2 b5 27. Na5 Ne5 28.
Bf3 Qh4 29. Nc6 Qxh3 30. Nxe5 Bxe5 31. Bc3 f6 32. Bxe5 fxe5 33. Rc7 Qh4 34. Qe6
Qg5+ 35. Kf1 Ra8 36. Qf7 1-0

[Event "IX Floripa Chess Open Fort Atacadista"]
[Site "Florianópolis - Santa Catari"]
[Date "2023.01.24"]
[Round "2.64"]
[White "Kropff, Ricardo"]
[Black "Casalaspro, Mathias Andre"]
[Result "1-0"]
[WhiteElo "2125"]
[BlackElo "1806"]
[PlyCount "41"]
[EventDate "2023.01.23"]
[EventRounds "10"]
[EventCountry "BRA"]

1. e4 c6 2. Nf3 d5 3. Nc3 dxe4 4. Nxe4 Nf6 5. Qe2 Nxe4 6. Qxe4 Nd7 7. Bc4 Nf6
8. Ne5 e6 9. Qe2 Bd6 10. d4 O-O 11. O-O b5 12. Bd3 Bb7 13. Bg5 c5 14. dxc5 Bxc5
15. Rad1 Qc7 16. Bxf6 gxf6 17. Bxh7+ Kxh7 18. Qh5+ Kg7 19. Qg4+ Kh6 20. Rd3
Bxg2 21. Qh4+ 1-0

[Event "IX Floripa Chess Open Fort Atacadista"]
[Site "Florianópolis - Santa Catari"]
[Date "2023.01.24"]
[Round "2.65"]
[White "Jodorcovsky, Alejandro David"]
[Black "Silveira, Leonardo Eleuterio "]
[Result "1-0"]
[WhiteElo "1808"]
[BlackElo "2124"]
[PlyCount "103"]
[EventDate "2023.01.23"]
[EventRounds "10"]
[EventCountry "BRA"]

1. e4 g6 2. Nc3 Bg7 3. f4 d6 4. Nf3 Nf6 5. g3 O-O 6. Bg2 c5 7. d3 Nc6 8. O-O a6
9. h3 Rb8 10. g4 b5 11. Be3 a5 12. Qe1 b4 13. Ne2 a4 14. Qh4 a3 15. b3 Ne8 16.
f5 e5 17. Bg5 f6 18. Be3 g5 19. Qf2 Nd4 20. Rac1 Nc7 21. c4 bxc3 22. Nxc3 Bb7
23. Rfd1 Rf7 24. Nd2 Bc6 25. Bxd4 exd4 26. Ncb1 Nb5 27. e5 Bxg2 28. e6 Rc7 29.
Qxg2 Bf8 30. Qd5 Be7 31. Ne4 Kg7 32. h4 h6 33. Kf2 Rcc8 34. hxg5 hxg5 35. Ng3
Nc7 36. Qf3 d5 37. Rh1 Qd6 38. Nh5+ Kf8 39. Qh3 Ke8 40. Ng7+ Kd8 41. Qh8+ Bf8
42. Kg2 Rb7 43. Nh5 Ne8 44. Rhe1 Be7 45. Ng3 c4 46. dxc4 dxc4 47. Red1 Bf8 48.
Ne4 Qd5 49. Nbc3 Qe5 50. b4 Bg7 51. Qh2 Qxh2+ 52. Kxh2 1-0

[Event "IX Floripa Chess Open Fort Atacadista"]
[Site "Florianópolis - Santa Catari"]
[Date "2023.01.24"]
[Round "2.67"]
[White "Calcado, Acyr Rogerio"]
[Black "Cezar, Ricardo De Almeida"]
[Result "1-0"]
[WhiteElo "2106"]
[BlackElo "1795"]
[PlyCount "115"]
[EventDate "2023.01.23"]
[EventRounds "10"]
[EventCountry "BRA"]

1. c4 c6 2. Nf3 d5 3. e3 Nf6 4. Nc3 e6 5. Be2 Nbd7 6. d4 dxc4 7. Bxc4 b5 8. Bd3
Bb7 9. O-O a6 10. Qe2 c5 11. Bd2 Bd6 12. Rfd1 cxd4 13. exd4 O-O 14. Bg5 Be7 15.
a4 b4 16. Nb1 Nd5 17. Qe4 g6 18. Qh4 f6 19. Bh6 Re8 20. Nbd2 Bf8 21. Ne4 Bxh6
22. Qxh6 Qe7 23. Re1 Rac8 24. h4 b3 25. h5 Nb4 26. Bb1 Bxe4 27. Bxe4 g5 28. d5
Qg7 29. Qxg7+ Kxg7 30. dxe6 Nc5 31. Nd4 Nc2 32. Bxc2 bxc2 33. Nf5+ Kg8 34. Nd6
Nb3 35. Nxc8 Nxa1 36. Ne7+ Kh8 37. Rxa1 Rd8 38. Nd5 Rxd5 39. e7 Re5 40. Rc1
Rxe7 41. Rxc2 Re4 42. h6 Kg8 43. Rc6 Rxa4 44. Rxf6 Ra1+ 45. Kh2 Ra5 46. Kg3 Rb5
47. Rxa6 Kf7 48. Ra2 Kg6 49. Kf3 Kxh6 50. Ke4 Kg6 51. Kd4 h5 52. Kc4 Rb8 53. b4
h4 54. f3 Kf5 55. b5 Ke5 56. Rd2 Rc8+ 57. Kb4 Rc1 58. b6 1-0

[Event "IX Floripa Chess Open Fort Atacadista"]
[Site "Florianópolis - Santa Catari"]
[Date "2023.01.24"]
[Round "2.68"]
[White "Eger, Laura Luisa"]
[Black "Trevisan, Rodrigo"]
[Result "1/2-1/2"]
[WhiteElo "1800"]
[BlackElo "2101"]
[PlyCount "53"]
[EventDate "2023.01.23"]
[EventRounds "10"]
[EventCountry "BRA"]

1. e4 c5 2. Nf3 d6 3. c3 Nf6 4. Be2 g6 5. O-O Bg7 6. Bb5+ Bd7 7. Bxd7+ Nbxd7 8.
Re1 O-O 9. d4 Rc8 10. h3 cxd4 11. cxd4 d5 12. e5 Ne4 13. Ng5 Bh6 14. Nxf7 Rxf7
15. Bxh6 Nxf2 16. Qb3 e6 17. Nd2 Qh4 18. Qe3 g5 19. Bxg5 Nxh3+ 20. gxh3 Rg7 21.
Kh2 Qxg5 22. Qxg5 Rxg5 23. Rad1 Rf8 24. Rf1 Rgf5 25. Rxf5 Rxf5 26. Kg3 Nb6 27.
b3 1/2-1/2

[Event "IX Floripa Chess Open Fort Atacadista"]
[Site "Florianópolis - Santa Catari"]
[Date "2023.01.24"]
[Round "2.69"]
[White "Starke, Bruno Orlando"]
[Black "Panazzolo, Paulo Victor"]
[Result "1-0"]
[WhiteElo "2100"]
[BlackElo "1788"]
[PlyCount "71"]
[EventDate "2023.01.23"]
[EventRounds "10"]
[EventCountry "BRA"]

1. d4 Nf6 2. c4 e6 3. Nf3 d5 4. g3 Be7 5. Bg2 O-O 6. O-O b6 7. Nc3 Bb7 8. Ne5
c6 9. Qc2 Nbd7 10. e4 dxe4 11. Rd1 Rc8 12. Nxe4 Nxe4 13. Nxd7 Qxd7 14. Bxe4 g6
15. Be3 Bf6 16. Rac1 Rfd8 17. h4 Qe7 18. c5 b5 19. b4 e5 20. dxe5 Bxe5 21. Re1
Qc7 22. Bg2 Re8 23. h5 Rcd8 24. hxg6 hxg6 25. Bg5 Ra8 26. a4 a6 27. Re4 Bg7 28.
Rce1 Rxe4 29. Rxe4 f6 30. Bf4 Qf7 31. Qe2 g5 32. Re7 Qg6 33. Bd6 Qb1+ 34. Kh2
Qh7+ 35. Bh3 Bc8 36. Qa2+ 1-0

[Event "IX Floripa Chess Open Fort Atacadista"]
[Site "Florianópolis - Santa Catari"]
[Date "2023.01.24"]
[Round "2.70"]
[White "Lunelli, Neuri Antonio"]
[Black "Cordeiro, Marco Aurelio Zaror"]
[Result "0-1"]
[WhiteElo "1799"]
[BlackElo "2099"]
[PlyCount "40"]
[EventDate "2023.01.23"]
[EventRounds "10"]
[EventCountry "BRA"]

1. c4 e5 2. Nc3 Nc6 3. g3 f5 4. Bg2 Nf6 5. e4 Bc5 6. Nge2 d6 7. d3 O-O 8. O-O
a6 9. h3 Qe8 10. Kh2 Qh5 11. f3 Be6 12. Ng1 fxe4 13. Nxe4 Nxe4 14. fxe4 Rxf1
15. Qxf1 Rf8 16. Qe1 Bf2 17. Qd2 Nd4 18. b3 Bxg1+ 19. Kxg1 Bxh3 20. Qg5 Qd1+
0-1

[Event "IX Floripa Chess Open Fort Atacadista"]
[Site "Florianópolis - Santa Catari"]
[Date "2023.01.24"]
[Round "2.72"]
[White "Encina, Adrian Andres"]
[Black "De Carvalho, Vitor Augusto Ponci"]
[Result "0-1"]
[WhiteElo "1787"]
[BlackElo "2097"]
[PlyCount "83"]
[EventDate "2023.01.23"]
[EventRounds "10"]
[EventCountry "BRA"]

1. e4 c5 2. Nf3 e6 3. d4 cxd4 4. Nxd4 Nc6 5. Nc3 Qc7 6. Nxc6 dxc6 7. Bd3 e5 8.
Bd2 Nf6 9. Qe2 Be6 10. h3 Bd6 11. Nd1 O-O 12. Ne3 Rfd8 13. O-O g6 14. Nc4 Nh5
15. Nxd6 Rxd6 16. Qf3 Rd7 17. Rfd1 Rad8 18. g3 c5 19. Be3 c4 20. Bf1 Kg7 21.
Kh2 Rxd1 22. Rxd1 Rxd1 23. Qxd1 Nf6 24. f4 Nd7 25. fxe5 Nxe5 26. Qd4 f6 27. Bg2
b6 28. Bd2 h5 29. Qe3 g5 30. Kh1 Qd7 31. h4 Ng4 32. Qe2 gxh4 33. Bf3 hxg3 34.
Kg2 h4 35. Bxg4 Bxg4 36. Qe3 Bh3+ 37. Kg1 Qg4 38. e5 Qd1+ 39. Be1 Qd5 40. exf6+
Kxf6 41. Bc3+ Kf5 42. Qe2 0-1

[Event "IX Floripa Chess Open Fort Atacadista"]
[Site "Florianópolis - Santa Catari"]
[Date "2023.01.24"]
[Round "2.73"]
[White "Souza, Rafael Cabral De"]
[Black "Ferreira, Rodrigo Maycon Mira"]
[Result "1-0"]
[WhiteElo "2096"]
[BlackElo "1781"]
[PlyCount "63"]
[EventDate "2023.01.23"]
[EventRounds "10"]
[EventCountry "BRA"]

1. e4 c5 2. Nf3 d6 3. Nc3 a6 4. g3 Nc6 5. Bg2 g6 6. d4 cxd4 7. Nxd4 Bg7 8. Be3
Bd7 9. Nd5 Rb8 10. O-O e6 11. Nc3 Nge7 12. f4 b5 13. Kh1 b4 14. Nce2 d5 15. e5
O-O 16. Bh3 Nxd4 17. Nxd4 Nc6 18. Nb3 f6 19. Bc5 fxe5 20. Bxf8 Bxf8 21. fxe5
Nxe5 22. Nd4 Qb6 23. c3 Bc5 24. Re1 Bxd4 25. Qxd4 Qxd4 26. cxd4 Nd3 27. Bxe6+
Bxe6 28. Rxe6 Nxb2 29. Rxa6 Nc4 30. Re1 Rb7 31. Re8+ Kf7 32. Rea8 1-0